[Event "Guillermo Garcia 2005 Premier II"]
[Site "?"]
[Date "2005.05.21"]
[Round "1"]
[White "Gongora, Maikel"]
[Black "Ramon, Vivian"]
[Result "1-0"]
[WhiteElo "2454"]
[BlackElo "2198"]
[PlyCount "83"]
[EventDate "2005.05.23"]
[SourceDate "2005.05.23"]

1. e4 e5 2. Nf3 Nc6 3. Bc4 Nf6 4. d3 h6 5. O-O d6 6. c3 g6 7. d4 Qe7 8. dxe5
Nxe5 9. Nxe5 dxe5 10. Qe2 Nh5 11. g3 Bh3 12. Rd1 Rd8 13. Be3 Rxd1+ 14. Qxd1 a6
15. Nd2 Nf6 16. f3 h5 17. Nb3 Nd7 18. Na5 Bh6 19. Bf2 b6 20. Nc6 Qf6 21. Nb4 b5
22. Be2 Nb6 23. Nxa6 O-O 24. Nxc7 Rd8 25. Nd5 Nxd5 26. exd5 Be6 27. c4 bxc4 28.
Bxc4 h4 29. a4 hxg3 30. hxg3 Qe7 31. a5 Bc8 32. a6 e4 33. fxe4 Qxe4 34. Qe2 Qf5
35. a7 Bb7 36. Qe7 Qc8 37. d6 Rf8 38. Qc7 Qa8 39. d7 Bg5 40. Qe5 Bh1 41. Bf1
Bd8 42. Qb8 1-0

[Event "Guillermo Garcia 2005 Premier II"]
[Site "?"]
[Date "2005.05.21"]
[Round "1"]
[White "Borges, Juan"]
[Black "Fernandez, Ernesto"]
[Result "1/2-1/2"]
[WhiteElo "2484"]
[BlackElo "2449"]
[PlyCount "63"]
[EventDate "2005.05.23"]
[SourceDate "2005.05.23"]

1. Nf3 Nf6 2. c4 d6 3. Nc3 e5 4. d4 e4 5. Ng5 Bf5 6. Qc2 h6 7. Ngxe4 Nxe4 8.
Nxe4 Qh4 9. Nxd6+ Bxd6 10. Qxf5 Bb4+ 11. Kd1 Qxd4+ 12. Kc2 Qxc4+ 13. Kb1 Nd7
14. e3 Qe6 15. Qxe6+ fxe6 16. a3 Bd6 17. Kc2 Ke7 18. Bd2 a5 19. Rd1 Rhf8 20. f4
Nf6 21. Be2 c6 22. Bf3 b5 23. Bc3 Ra6 24. Rd3 c5 25. Rhd1 b4 26. Bxf6+ gxf6 27.
Kb3 bxa3 28. bxa3 Rb8+ 29. Kc4 Rb2 30. Rb3 Rxb3 31. Kxb3 c4+ 32. Kxc4 1/2-1/2

[Event "Guillermo Garcia 2005 Premier II"]
[Site "?"]
[Date "2005.05.22"]
[Round "2"]
[White "Perez, Rodney"]
[Black "Gongora, Maikel"]
[Result "1-0"]
[WhiteElo "2437"]
[BlackElo "2454"]
[PlyCount "46"]
[EventDate "2005.05.23"]
[SourceDate "2005.05.23"]

1. e4 c5 2. Nf3 e6 3. Nc3 Nc6 4. Bb5 Nd4 5. O-O Ne7 6. Nxd4 cxd4 7. Ne2 Nc6 8.
c3 dxc3 9. dxc3 Bc5 10. Bf4 Qb6 11. a4 a6 12. b4 Be7 13. Bc4 a5 14. b5 Qc5 15.
Bb3 Ne5 16. Ng3 b6 17. Bd5 exd5 18. Bxe5 dxe4 19. Bxg7 Rg8 20. Nxe4 Qc7 21.
Nf6+ Bxf6 22. Re1+ Be7 23. Rxe7+ Kd8 1-0

[Event "Guillermo Garcia 2005 Premier II"]
[Site "?"]
[Date "2005.05.22"]
[Round "2"]
[White "Fernandes, Diogo"]
[Black "Giaccio, Alfredo"]
[Result "1-0"]
[WhiteElo "2438"]
[BlackElo "2478"]
[PlyCount "45"]
[EventDate "2005.05.23"]
[SourceDate "2005.05.23"]

1. e4 e6 2. d4 d5 3. e5 c5 4. c3 Nc6 5. Nf3 Nge7 6. Na3 cxd4 7. cxd4 Nb4 8. Be2
Bd7 9. O-O Nc8 10. Be3 Be7 11. Ne1 Nb6 12. b3 O-O 13. f4 f5 14. exf6 gxf6 15.
f5 Kh8 16. fxe6 Bxe6 17. Nac2 Nxc2 18. Qxc2 Nc8 19. Bh6 Re8 20. Bh5 Rg8 21. Qe2
Qd7 22. Nd3 Bg4 23. Ne5 1-0

[Event "Guillermo Garcia 2005 Premier II"]
[Site "?"]
[Date "2005.05.22"]
[Round "2"]
[White "Arencibia, Walter"]
[Black "Frois, Antonio"]
[Result "1/2-1/2"]
[WhiteElo "2530"]
[BlackElo "2356"]
[PlyCount "56"]
[EventDate "2005.05.23"]
[SourceDate "2005.05.23"]

1. d4 d5 2. c4 e6 3. Nc3 c5 4. cxd5 exd5 5. Nf3 Nc6 6. g3 Nf6 7. Bg2 Be7 8. O-O
O-O 9. dxc5 Bxc5 10. Bg5 d4 11. Bxf6 Qxf6 12. Nd5 Qd8 13. Nd2 Re8 14. Rc1 Bb6
15. Nc4 Bg4 16. Re1 Ba5 17. Nxa5 Qxa5 18. a3 Rad8 19. Nf4 d3 20. Nxd3 Nd4 21.
f3 Be6 22. Rc5 Qb6 23. e3 Bb3 24. Qd2 Nxf3+ 25. Bxf3 Qxc5 26. Nxc5 Rxd2 27.
Nxb3 Rxb2 28. Na5 Re7 1/2-1/2

[Event "Guillermo Garcia 2005 Premier II"]
[Site "?"]
[Date "2005.05.22"]
[Round "2"]
[White "Quesada, Yuniesky"]
[Black "Borges, Juan"]
[Result "1/2-1/2"]
[WhiteElo "2502"]
[BlackElo "2484"]
[PlyCount "42"]
[EventDate "2005.05.23"]
[SourceDate "2005.05.23"]

1. e4 e6 2. d4 d5 3. Nc3 Nf6 4. Bg5 dxe4 5. Nxe4 Nbd7 6. Nf3 Be7 7. Nxf6+ Bxf6
8. h4 a6 9. Qd2 b6 10. O-O-O Bb7 11. Rh3 b5 12. Rg3 Nb6 13. Bd3 h6 14. Bxf6
Qxf6 15. Ne5 O-O-O 16. Rg4 Nd5 17. a4 h5 18. Re4 b4 19. g3 Qe7 20. Qe2 Nc3 21.
Qe1 Nxd1 1/2-1/2

[Event "Guillermo Garcia 2005 Premier II"]
[Site "?"]
[Date "2005.05.23"]
[Round "3"]
[White "Ramon, Vivian"]
[Black "Perez, Rodney"]
[Result "0-1"]
[WhiteElo "2198"]
[BlackElo "2437"]
[PlyCount "76"]
[EventDate "2005.05.23"]
[SourceDate "2005.05.23"]

1. d4 d5 2. c4 c6 3. Nc3 Nf6 4. e3 a6 5. Nf3 b5 6. b3 Bf5 7. Ne5 e6 8. c5 Nfd7
9. g4 Bg6 10. Nxg6 hxg6 11. Bb2 e5 12. Bg2 exd4 13. exd4 Be7 14. O-O g5 15. h3
O-O 16. Qd3 Ra7 17. Rae1 Re8 18. Bc1 Nf8 19. Qf5 Bf6 20. Rxe8 Qxe8 21. Be3 Ne6
22. Ne2 Nd7 23. Qd3 Ndf8 24. Ng3 Ng6 25. Nh5 Bd8 26. f4 gxf4 27. Nxf4 Ngxf4 28.
Bxf4 Nxf4 29. Rxf4 Bg5 30. Rf3 Re7 31. Bf1 Re4 32. Qc3 Be3+ 33. Kg2 Bxd4 34.
Qc2 Re3 35. Rf4 Qe5 36. Qf2 Bxc5 37. Rxf7 Bd6 38. Be2 Rxe2 0-1

[Event "Guillermo Garcia 2005 Premier II"]
[Site "?"]
[Date "2005.05.23"]
[Round "3"]
[White "Giaccio, Alfredo"]
[Black "Fernandez, Ernesto"]
[Result "1/2-1/2"]
[WhiteElo "2478"]
[BlackElo "2449"]
[PlyCount "101"]
[EventDate "2005.05.23"]
[SourceDate "2005.05.23"]

1. e4 e6 2. d4 d5 3. Nc3 Bb4 4. e5 c5 5. a3 Bxc3+ 6. bxc3 Ne7 7. a4 Qa5 8. Bd2
Nbc6 9. Nf3 Bd7 10. Qb1 Qc7 11. Bd3 h6 12. O-O b6 13. Re1 O-O 14. Qc1 c4 15.
Bf1 f6 16. g3 Ng6 17. exf6 Rxf6 18. Bg2 Raf8 19. Qd1 Be8 20. Qe2 Qf7 21. h4
Rxf3 22. Bxf3 Qxf3 23. Qxf3 Rxf3 24. Rxe6 Nge7 25. Kg2 Bh5 26. Rf1 Kf7 27. Re3
Rxe3 28. Bxe3 Bg6 29. Rc1 Nd8 30. f3 Ne6 31. Kf1 Nf5 32. Bf2 h5 33. Ke2 Nd6 34.
Kd2 Kf6 35. Ra1 Be8 36. Be1 Bd7 37. Ke2 a6 38. Bd2 Be8 39. Bc1 Bd7 40. Kf2 Nf5
41. Rb1 b5 42. axb5 Bxb5 43. Ba3 g5 44. hxg5+ Nxg5 45. Rh1 Kg6 46. Re1 h4 47.
g4 Nh3+ 48. Kg2 Nf4+ 49. Kf2 Nh3+ 50. Kg2 Nf4+ 51. Kf2 1/2-1/2

[Event "Guillermo Garcia 2005 Premier II"]
[Site "?"]
[Date "2005.05.24"]
[Round "4"]
[White "Quesada, Yuniesky"]
[Black "Giaccio, Alfredo"]
[Result "1-0"]
[WhiteElo "2502"]
[BlackElo "2478"]
[PlyCount "147"]
[EventDate "2005.05.23"]
[SourceDate "2005.05.23"]

1. e4 e6 2. d4 d5 3. Nc3 Bb4 4. e5 c5 5. a3 Bxc3+ 6. bxc3 Qa5 7. Bd2 Qa4 8. Qb1
c4 9. Ne2 Nc6 10. Ng3 Nge7 11. Nh5 Rg8 12. g3 Bd7 13. Bg2 O-O-O 14. O-O Kb8 15.
Kh1 Rdf8 16. Re1 Nc8 17. Qd1 Nb6 18. Bh3 Qa5 19. f4 Na4 20. Re3 Qd8 21. Qf1 Ka8
22. Rae1 a6 23. Bg2 Bc8 24. g4 f6 25. Rf3 fxe5 26. dxe5 Nc5 27. Ng3 g6 28. Be3
Qe7 29. Bg1 Na4 30. Qf2 Qxa3 31. Ne2 Qb2 32. Nd4 Nxd4 33. Qxd4 b6 34. Rh3 Bb7
35. Rxh7 Qxc3 36. Ra1 Qxd4 37. Bxd4 b5 38. Rf1 Bc6 39. Ra7+ Kb8 40. Rxa6 Rc8
41. f5 gxf5 42. gxf5 Rg4 43. Rd1 exf5 44. e6 Rxd4 45. Rxd4 Kb7 46. Rxc6 Kxc6
47. Rxd5 Kb6 48. Rd6+ Kc5 49. Rd5+ Kb6 50. e7 Re8 51. Re5 Kc7 52. Bf3 Kd6 53.
Rxb5 Rxe7 54. Rxf5 Re1+ 55. Kg2 Rc1 56. Rd5+ Ke6 57. Rd2 Nc3 58. h4 Kf5 59. h5
Nb1 60. Re2 Kg5 61. Kh2 Na3 62. Rg2+ Kh6 63. Rg6+ Kh7 64. Be4 Re1 65. Re6+ Kg8
66. h6 Rxe4 67. Rxe4 Nxc2 68. Kg3 Kh7 69. Rxc4 Ne3 70. Rc5 Nf1+ 71. Kf2 Nd2 72.
Ke3 Nf1+ 73. Ke2 Ng3+ 74. Kf3 1-0

[Event "Guillermo Garcia 2005 Premier II"]
[Site "?"]
[Date "2005.05.24"]
[Round "4"]
[White "Arencibia, Walter"]
[Black "Kallio, Heikki"]
[Result "0-1"]
[WhiteElo "2530"]
[BlackElo "2469"]
[PlyCount "145"]
[EventDate "2005.05.23"]
[SourceDate "2005.05.23"]

1. d4 Nf6 2. Nf3 e6 3. c4 b6 4. Bf4 Bb7 5. e3 Be7 6. a3 d6 7. Nc3 Ne4 8. Nxe4
Bxe4 9. Bd3 Bxd3 10. Qxd3 Nd7 11. O-O c6 12. e4 O-O 13. Rac1 a5 14. Rfd1 h6 15.
Qe2 Re8 16. d5 cxd5 17. cxd5 e5 18. Be3 Nc5 19. Bxc5 bxc5 20. Rc2 Bg5 21. g3 h5
22. h4 Bh6 23. Ne1 g6 24. Nd3 a4 25. Kg2 Qd7 26. Rc4 Rab8 27. Rb1 Rb7 28. Qc2
Ra8 29. Re1 Rbb8 30. f3 Ra7 31. Re2 Kh7 32. Nf2 Rab7 33. Nd3 Ra7 34. Qd1 Qb5
35. Rec2 Be3 36. f4 exf4 37. Qf3 Bd4 38. gxf4 Re7 39. e5 Rbe8 40. Nf2 dxe5 41.
fxe5 Bxe5 42. Rxc5 Qd7 43. Ne4 Bd4 44. Rc7 Qxc7 45. Rxc7 Rxc7 46. d6 Rd7 47.
Qd3 Rxe4 48. Qxe4 Rxd6 49. Qe8 Kg7 50. Qxa4 Bxb2 51. Qb5 Rd2+ 52. Kg3 Bf6 53.
a4 Rd4 54. a5 Rg4+ 55. Kf3 Rxh4 56. a6 Rh3+ 57. Kg2 Ra3 58. Qb6 h4 59. Qd6 Ra4
60. Qd3 g5 61. Qb5 Ra3 62. Qe2 Bd4 63. Kh2 Bf6 64. Kg2 Ra4 65. Qb5 Ra2+ 66. Kh3
Ra3+ 67. Kg4 h3 68. Qe2 h2 69. Qxh2 Rxa6 70. Qc2 Rd6 71. Kh5 Rd4 72. Qh7+ Kf8
73. Qxf7+ 0-1

[Event "Guillermo Garcia 2005 Premier II"]
[Site "?"]
[Date "2005.05.24"]
[Round "4"]
[White "Almeida, Omar"]
[Black "Ramon, Vivian"]
[Result "1-0"]
[WhiteElo "2452"]
[BlackElo "2198"]
[PlyCount "61"]
[EventDate "2005.05.23"]
[SourceDate "2005.05.23"]

1. d4 Nf6 2. Nf3 g6 3. c4 Bg7 4. h3 O-O 5. Nc3 d5 6. cxd5 Nxd5 7. e4 Nxc3 8.
bxc3 c5 9. Be2 Nc6 10. Be3 Qa5 11. O-O Rd8 12. d5 Bxc3 13. Rc1 Nd4 14. Nxd4
Bxd4 15. Bxd4 cxd4 16. Qxd4 e6 17. Rfd1 exd5 18. exd5 Rd6 19. Qe5 Qd8 20. Bf3
f6 21. Qf4 a5 22. Rd2 g5 23. Qe4 Bd7 24. Rdc2 Qe8 25. Qd4 Rd8 26. Qc5 Bf5 27.
Re2 Qa4 28. Re7 Qxa2 29. g4 Kf8 30. Rxb7 Bg6 31. Rb6 1-0

[Event "Guillermo Garcia 2005 Premier II"]
[Site "?"]
[Date "2005.05.24"]
[Round "4"]
[White "Fernandez, Ernesto"]
[Black "Colovic, Aleksandar"]
[Result "0-1"]
[WhiteElo "2449"]
[BlackElo "2418"]
[PlyCount "54"]
[EventDate "2005.05.23"]
[SourceDate "2005.05.23"]

1. e4 c5 2. Nf3 d6 3. d4 cxd4 4. Nxd4 Nf6 5. Nc3 a6 6. Bc4 e6 7. Bb3 b5 8. Bg5
b4 9. Nce2 Be7 10. Ng3 O-O 11. h4 d5 12. exd5 Nxd5 13. Bxd5 exd5 14. Qd2 h6 15.
Be3 Qa5 16. Kf1 Qc7 17. Kg1 Bg4 18. Re1 Nc6 19. Ngf5 Bf6 20. Nxc6 Bxf5 21. Nxb4
d4 22. Bf4 Qa5 23. a3 Rac8 24. Re2 Qb5 25. Nd3 Rxc2 26. Qxc2 Bxd3 27. a4 Qf5
0-1

[Event "Guillermo Garcia 2005 Premier II"]
[Site "?"]
[Date "2005.05.24"]
[Round "4"]
[White "Fernandes, Diogo"]
[Black "Gongora, Maikel"]
[Result "1/2-1/2"]
[WhiteElo "2438"]
[BlackElo "2454"]
[PlyCount "33"]
[EventDate "2005.05.23"]
[SourceDate "2005.05.23"]

1. e4 c5 2. d3 Nc6 3. g3 d5 4. Nd2 Nf6 5. Bg2 e5 6. Ngf3 g6 7. O-O Bg7 8. a4
O-O 9. exd5 Nxd5 10. c3 Re8 11. Re1 h6 12. Nc4 Bf5 13. a5 Qd7 14. Nh4 Be6 15.
Nf3 Bf5 16. Nh4 Be6 17. Nf3 1/2-1/2

[Event "Guillermo Garcia 2005 Premier II"]
[Site "?"]
[Date "2005.05.25"]
[Round "5"]
[White "Colovic, Aleksandar"]
[Black "Quesada, Yuniesky"]
[Result "1/2-1/2"]
[WhiteElo "2418"]
[BlackElo "2502"]
[PlyCount "40"]
[EventDate "2005.05.23"]
[SourceDate "2005.05.23"]

1. e4 c5 2. Nf3 d6 3. d4 cxd4 4. Nxd4 Nf6 5. Nc3 a6 6. Be3 e5 7. Nb3 Be6 8. Qd2
Nbd7 9. f3 b5 10. a4 b4 11. Nd5 Bxd5 12. exd5 Nb6 13. Bxb6 Qxb6 14. a5 Qb7 15.
Bc4 g6 16. Ra4 Rb8 17. Qd3 Ra8 18. Qd2 Rb8 19. Qd3 Ra8 20. Qd2 Rb8 1/2-1/2

[Event "Guillermo Garcia 2005 Premier II"]
[Site "?"]
[Date "2005.05.25"]
[Round "5"]
[White "Gongora, Maikel"]
[Black "Fernandez, Ernesto"]
[Result "0-1"]
[WhiteElo "2454"]
[BlackElo "2449"]
[PlyCount "64"]
[EventDate "2005.05.23"]
[SourceDate "2005.05.23"]

1. e4 e6 2. d4 d5 3. Nc3 Bb4 4. e5 c5 5. a3 Bxc3+ 6. bxc3 Ne7 7. Qg4 O-O 8. Bd3
Nbc6 9. Qh5 Ng6 10. Nf3 Qc7 11. Be3 Nce7 12. h4 Nf5 13. Bd2 c4 14. Be2 f6 15.
Qg4 fxe5 16. h5 Nge7 17. Nxe5 Nc6 18. f4 Nxe5 19. fxe5 Bd7 20. h6 g6 21. Bg5
Ba4 22. Kd2 a5 23. Qh3 b5 24. Rhf1 b4 25. axb4 axb4 26. g4 Nxd4 27. Rxf8+ Rxf8
28. cxd4 c3+ 29. Kc1 Bxc2 30. Kxc2 b3+ 31. Kb1 Rb8 32. Ra3 c2+ 0-1

[Event "Guillermo Garcia 2005 Premier II"]
[Site "?"]
[Date "2005.05.25"]
[Round "5"]
[White "Ramon, Vivian"]
[Black "Fernandes, Diogo"]
[Result "1-0"]
[WhiteElo "2198"]
[BlackElo "2438"]
[PlyCount "99"]
[EventDate "2005.05.23"]
[SourceDate "2005.05.23"]

1. d4 d6 2. Nf3 Bg4 3. c4 Nd7 4. Nc3 g6 5. g3 Bxf3 6. exf3 Bg7 7. f4 e6 8. Bg2
c6 9. Be3 Ne7 10. O-O d5 11. b3 O-O 12. Rc1 a6 13. c5 a5 14. g4 Kh8 15. Kh1 b6
16. cxb6 Nxb6 17. Ne2 Nbc8 18. Ng3 Nd6 19. Re1 Bf6 20. Bh3 a4 21. f5 exf5 22.
gxf5 axb3 23. axb3 Nb5 24. Bh6 Re8 25. fxg6 fxg6 26. Be3 Ra2 27. Ne2 Nd6 28.
Nc3 Ra8 29. Bf4 Nef5 30. Be5 Rf8 31. Qd2 Bxe5 32. dxe5 Nc8 33. Bxf5 Rxf5 34.
Qd4 Ne7 35. Ra1 Rc8 36. e6+ Kg8 37. Ra7 c5 38. Qh4 Rc7 39. Rea1 g5 40. Qg3 Rxa7
41. Rxa7 Qf8 42. Nd1 Qf6 43. Qb8+ Kg7 44. Qe8 Re5 45. Rxe7+ Kh6 46. Qf7 Qg6 47.
Qxg6+ Kxg6 48. Ne3 d4 49. Nc4 Rd5 50. Rd7 1-0